[Event "CRI-ch (Women)"]
[Site "San Jose"]
[Date "2024.02.17"]
[Round "8"]
[White "Venegas Sandoval, Ariana"]
[Black "Villalta Ramirez, Freivelyn"]
[Result "1-0"]
[WhiteElo "1106"]
[BlackElo "1553"]
[PlyCount "31"]
[EventDate "2024.02.03"]
[EventType "swiss"]
[EventRounds "9"]
[EventCountry "CRI"]
[SourceTitle "CB08_2024"]
[SourceDate "2024.02.21"]
[SourceVersion "1"]
[SourceVersionDate "2024.02.21"]
[SourceQuality "1"]

1. e4 Nf6 2. Nc3 d5 3. e5 d4 4. exf6 dxc3 5. fxe7 cxd2+ 6. Bxd2 Bxe7 7. Nf3 0-0 8. Bd3 Re8 9. 0-0 Bf6 10. Rb1 Nc6 11. Re1 Be6 12. a3 Qd6 13. Ng5 Ne5 14. Bb4 c5 15. Bxh7+ Kf8 16. Qxd6+ 1-0